Every Winner Of The F1 Bahrain Grand Prix - Statistics

General Stats
  • This quiz has been taken 18 times
  • The average score is 19 of 21
Answer Stats
Hint Answer % Correct
2022 Charles Leclerc
100%
2014 Lewis Hamilton
100%
2015 Lewis Hamilton
100%
2019 Lewis Hamilton
100%
2020 Lewis Hamilton
100%
2021 Lewis Hamilton
100%
2023 Max Verstappen
100%
2024 Max Verstappen
100%
2012 Sebastian Vettel
100%
2013 Sebastian Vettel
100%
2017 Sebastian Vettel
100%
2018 Sebastian Vettel
100%
2005 Fernando Alonso
94%
2006 Fernando Alonso
94%
2010 Fernando Alonso
94%
2004 Michael Schumacher
94%
2016 Nico Rosberg
94%
2025 Oscar Piastri
94%
2009 Jenson Button
88%
2007 Felipe Massa
31%
2008 Felipe Massa
31%
No matching quizzes found
Score Distribution
Percent of People with Each Score
Percentile by Number Answered
Your Score History
You have not taken this quiz